In the pearl of Africa the unexpected happens! : (Record no. 5766)
[ view plain ]
| 000 -LEADER | |
|---|---|
| fixed length control field | 00646cam a2200181 i 4500 |
| 005 - DATE AND TIME OF LATEST TRANSACTION | |
| control field | 20250801145840.0 |
| 008 - FIXED-LENGTH DATA ELEMENTS--GENERAL INFORMATION | |
| fixed length control field | 250801m20219999ug 000 0 eng |
| 020 ## - INTERNATIONAL STANDARD BOOK NUMBER | |
| International Standard Book Number | 9789913994149 |
| 040 ## - CATALOGING SOURCE | |
| Original cataloging agency | KABLIB |
| Language of cataloging | eng |
| Transcribing agency | KABLIB |
| Description conventions | rda |
| 082 ## - DEWEY DECIMAL CLASSIFICATION NUMBER | |
| Edition number | 23 |
| Classification number | 967.61 |
| Item number | KAN |
| 100 1# - MAIN ENTRY--PERSONAL NAME | |
| Personal name | Kanyeihamba, George W., |
| Relator term | author. |
| 9 (RLIN) | 5558 |
| 245 10 - TITLE STATEMENT | |
| Title | In the pearl of Africa the unexpected happens! : |
| Remainder of title | "the learned view" Vol. II. / |
| Statement of responsibility, etc. | Prof. Dr. G.W. Kanyeihamba. |
| 264 #1 - PRODUCTION, PUBLICATION, DISTRIBUTION, MANUFACTURE, AND COPYRIGHT NOTICE | |
| Place of production, publication, distribution, manufacture | Kampala, Uganda : |
| Name of producer, publisher, distributor, manufacturer | G.W. Kanyeihamba, |
| Date of production, publication, distribution, manufacture, or copyright notice | 2021- |
| 300 ## - PHYSICAL DESCRIPTION | |
| Extent | xi, 270 p. ; |
| Dimensions | 24 cm |
| 651 #0 - SUBJECT ADDED ENTRY--GEOGRAPHIC NAME | |
| Geographic name | Uganda |
| General subdivision | Politics and government. |
| 9 (RLIN) | 14595 |
| 651 #0 - SUBJECT ADDED ENTRY--GEOGRAPHIC NAME | |
| Geographic name | Uganda |
| General subdivision | Social conditions. |
| 9 (RLIN) | 13109 |
| 942 ## - ADDED ENTRY ELEMENTS (KOHA) | |
| Source of classification or shelving scheme | Dewey Decimal Classification |
| Koha item type | Book |
| Withdrawn status | Lost status | Source of classification or shelving scheme | Damaged status | Not for loan | Home library | Current library | Shelving location | Date acquired | Source of acquisition | Total Checkouts | Full call number | Barcode | Date last seen | Price effective from | Koha item type |
|---|---|---|---|---|---|---|---|---|---|---|---|---|---|---|---|
| Dewey Decimal Classification | Education Library | Education Library | Reserve Section | 01.08.2025 | Donated | 967.61 KAN | 13960 | 01.08.2025 | 01.08.2025 | Book |